កំនាព្យរឿង សែនធ្ងន់ / (Record no. 6619)
[ view plain ]
| 000 -LEADER | |
|---|---|
| fixed length control field | 01639nam a22002297a 4500 |
| 001 - CONTROL NUMBER | |
| control field | 6619 |
| 003 - CONTROL NUMBER IDENTIFIER | |
| control field | FISKH |
| 005 - DATE AND TIME OF LATEST TRANSACTION | |
| control field | 20250513143740.0 |
| 008 - FIXED-LENGTH DATA ELEMENTS--GENERAL INFORMATION | |
| fixed length control field | 250513b cb ||||| |||| 00| 0 eng d |
| 040 ## - CATALOGING SOURCE | |
| Original cataloging agency | FISKH |
| Language of cataloging | khr |
| Transcribing agency | FISKH |
| Modifying agency | FISKH |
| 082 ## - DEWEY DECIMAL CLASSIFICATION NUMBER | |
| Classification number | 920 |
| 100 ## - MAIN ENTRY--PERSONAL NAME | |
| Personal name | Sophearin, Som |
| 245 ## - TITLE STATEMENT | |
| Title | កំនាព្យរឿង សែនធ្ងន់ / |
| Statement of responsibility, etc. | ដោយ សំ សុភារិន្ទ ហៅ ចន្រ្ទ សុភា |
| 260 ## - PUBLICATION, DISTRIBUTION, ETC. | |
| Place of publication, distribution, etc. | ភ្នំពេញ : |
| Name of publisher, distributor, etc. | រោងពុម្ពវិទ្យាស្ថានពុទ្ធសាសនបណ្ឌិត្យ , |
| Date of publication, distribution, etc. | ២០០១ . |
| 300 ## - PHYSICAL DESCRIPTION | |
| Extent | 79 pages : |
| Other physical details | illustrations ; |
| Dimensions | 21 cm . |
| 520 ## - SUMMARY, ETC. | |
| Summary, etc. | កំណាព្យ «សែនធ្ងន់» ដែលនិពន្ធដោយ សំ សុភារិន្ទ គឺជាកំណាព្យបែបប្រជាជនដែលបង្ហាញពីភាពធ្ងន់ធ្ងរនៃជីវិតប្រជាពលរដ្ឋក្រីក្រ។ កំណាព្យនេះបានបង្ហាញពីភាពលំបាក និងការខ្វះខាតក្នុងជីវិតប្រចាំថ្ងៃរបស់ពួកគេ។ |
| 520 ## - SUMMARY, ETC. | |
| Summary, etc. | The poem "Saen Thngon" ("Deeply Heavy") written by Som Sopharin is a folk-style poem that portrays the harsh and difficult lives of impoverished citizens. This poem illustrates the struggles and deprivations that they face in their daily lives. |
| 650 ## - SUBJECT ADDED ENTRY--TOPICAL TERM | |
| Topical term or geographic name entry element | សែនធ្ងន់ |
| Form subdivision | កំនាព្យ |
| 650 ## - SUBJECT ADDED ENTRY--TOPICAL TERM | |
| Topical term or geographic name entry element | Deeply heavy |
| Form subdivision | Poetry |
| 942 ## - ADDED ENTRY ELEMENTS (KOHA) | |
| Source of classification or shelving scheme | Dewey Decimal Classification |
| Koha item type | Khmer Books |
| Suppress in OPAC | No |
| Withdrawn status | Lost status | Source of classification or shelving scheme | Damaged status | Not for loan | Collection | Home library | Current library | Shelving location | Date acquired | Total Checkouts | Full call number | Barcode | Date last seen | Price effective from | Koha item type |
|---|---|---|---|---|---|---|---|---|---|---|---|---|---|---|---|
| Dewey Decimal Classification | Khmer Language Books / សៀវភៅភាសាខ្មែរ | Footprints International School Library Network Toul Tom Poung Campus | Footprints International School Library Network Toul Tom Poung Campus | TTP Secondary Khmer Bookshelves | 05/13/2025 | SOP 910 | FISSE02321 | 05/13/2025 | 05/13/2025 | Khmer Books |
